01340nam a2200277 a 45000010005000000030009000050080041000140400028000550820017000831000036001002450028001362600052001643000010002166500032002266500052002586500140003106500091004506500055005416500128005966500030007246500047007546500094008019420012008959990017009079520138009249838CO-ViMGA141112s2004 ck r 000 u spa d aCO-ViMGAbspacCO-ViMGA04a347.064 R6721 aRocha Alvira ; Antonio, 91171710aDe La prueba en Derecho aMedellín : bBiblioteca Juridica Dike, c1990 a648p.14aDE LA PRUEBA LITERAL91171814aDOCUMENTOS Y PODERES OTORGADOS EN PAISES91171914aEL INICIO EN LA HISTORIA, EL ASESINATO DEL MARISCAL DE AYACUCHO Y EL SINO TRAGICO DE LA RECIA PERSONALIDAD DEL PRESIDENTE OBANDO91172014aINSTRUMENTOS PUBLICOS CON FUERZA DE PRUEBA EN JUICIO, SEGUN EL DERECHO CANONICO91172114aLA PRESUNCION COMO PRUEBA EN MATERIAL PENAL91172214aLA PRESUNCION DE CAPACIDAD LEGAL PARA CONTRATAR Y PARA TESTAR Y LA PRUEBA DE LA DEMENCIA QUE DESVIRTUA LA PRESUNCION91172314aLA PRUEBA INDICIAL91172414aLA PRUEBA POR MEDIO DE PRESUNCIONES91172514aTACHA DE FALSEDAD O INCIDENTE SOBRE AUTENTICIDAD DE UN DOCUMENTO PUBLICO Y PRIVADO911726 2ddccBK c21220d21220 00102ddc40708002aMEVIECARbMEVIECARd2015-12-04h11/jun/2009l0o347.064 R672 p9838r2015-12-04 00:00:00tEj. 1w2015-12-04yBK